| 000 | 00982nam0a22002531 4500 | ||
|---|---|---|---|
| 001 | rc\3465850 | ||
| 005 | 20250610122148.0 | ||
| 021 |
_aRU _b[71-72457] |
||
| 035 | _a(NLR Aleph) 007897719 | ||
| 090 |
_a8018333 _c8018333 |
||
| 100 | _a20130115d1971 |||y0rusy50 ca | ||
| 101 | 0 | _arus | |
| 102 | _aRU | ||
| 105 | _ay z ||||| | ||
| 200 | 1 |
_aОплата труда животноводов в совхозах _fМ-во сельск. хоз-ва Чечено-Ингуш. АССР. Чечено-Ингуш. респ. опыт. станция |
|
| 210 |
_aГрозный _cБ. и. _d1971 |
||
| 215 |
_a81 с. _d21 |
||
| 606 |
_aЖивотноводство _xОплата труда _yЧечено-Ингушская АССР _2psbo |
||
| 712 | 0 | 2 | _aЧечено-Ингушская с.-х. опыт. станция (с. Колхозное (Шлинский район)) |
| 801 | 0 |
_aRU _bNLR _gpsbo |
|
| 801 | 1 |
_aRU _bELAR _2rusmarc |
|
| 852 |
_aNLR _j71-6/5455 |
||
| 942 | _cBOOK | ||
| 980 | _aNB | ||